Catálogo
 En Linea

Papillón / (Registro nro. 17887)

Detalles MARC
000 -CABECERA
campo de control de longitud fija 00602cam a2200181u 4500
001 - NÚMERO DE CONTROL
campo de control 000018366
005 - FECHA Y HORA DE LA ÚLTIMA TRANSACCIÓN
campo de control 20200929165457.0
008 - DATOS DE LONGITUD FIJA--INFORMACIÓN GENERAL
campo de control de longitud fija 840106s1970 fr a 000 0 fre
040 ## - FUENTE DE LA CATALOGACIÓN
Centro catalogador/agencia de origen DO-SdBNP
Centro/agencia transcriptor CarP
Centro/agencia modificador DLC
-- BNPHU
082 ## - NÚMERO DE LA CLASIFICACIÓN DECIMAL DEWEY
Número de clasificación 923.41
Número de documento/Ítem C485Pa
100 1# - ENTRADA PRINCIPAL--NOMBRE DE PERSONA
Nombre de persona Charriere, Henri,
Fechas asociadas al nombre 1906-
9 (RLIN) 39772
245 10 - MENCIÓN DE TÍTULO
Título Papillón /
Mención de responsabilidad, etc. Henri Charriere.
260 ## - PUBLICACIÓN, DISTRIBUCIÓN, ETC.
Lugar de publicación, distribución, etc. Paris, :
Nombre del editor, distribuidor, etc. Le Livre de Poche,
Fecha de publicación, distribución, etc. 1970.
300 ## - DESCRIPCIÓN FÍSICA
Extensión 698 p. ;
Dimensiones 20 cm.
600 14 - PUNTO DE ACCESO ADICIONAL DE MATERIA--NOMBRE DE PERSONA
Nombre de persona CHARRIERE, HENRI (PAPILLÓN),
Fechas asociadas al nombre 1906-1973
Subdivisión general BIOGRAFÍ
9 (RLIN) 13766
650 #4 - PUNTO DE ACCESO ADICIONAL DE MATERIA--TÉRMINO DE MATERIA
Término de materia o nombre geográfico como elemento de entrada Prisioneros
Subdivisión geográfica Frances De Guayana
Subdivisión general Biografía
9 (RLIN) 13767
910 ## - DATOS DE OPCIÓN DEL USUARIO (OCLC)
Datos de opción del usuario Catalogación por derivada / LC
Existencias
Estado de retiro Estado de pérdida Restricciones de uso No para préstamo Código de colección Localización permanente Ubicación/localización actual Ubicación en estantería Fecha de adquisición Número de inventario Total de préstamos Signatura topográfica completa Código de barras Fecha visto por última vez Precio válido a partir de Tipo de ítem Koha
      Excluido de préstamo Monografías: Libros y Folletos General General En catalogación 30.04.2010 LF1   923.41 C485Pa 18366-10 25.06.2020 25.06.2020 No se presta

Con tecnología Koha